Technické nástroje tvorby a ochrany životného prostredia v priemysle

Podrobná bibliografia
Hlavný autor: Kachaňáková, Edita (Autor)
Médium: Článok
Jazyk:slovenčina
Fyzický popis:Lit. 5 zázn. v slov.
Predmet:

MARC

LEADER 00000nab a2200000 a 4500
001 vtls000404308
003 SK-MaSNL
005 20260304225508.0
008 230223c1990 xo 0 slo
015 |a SNBRB19rr/mm-uuuuu 
035 |a CL0404432 
035 |a urn:nbn:sk:snk-abblfh 
035 |a (urnnbn)urn:nbn:sk:snk:ar-006dvp 
035 |a (uuid)8e3bf67b-a6f6-4765-8c4a-f7fc18466e50 
040 |a SNKBUCL  |b slo  |c SNKBUCL  |e AACR2 
041 0 |a slo 
044 |a xo  |c SK 
080 |a 628.5  |2 1981 
080 |a 504.05.064.4  |2 1981 
100 1 |a Kachaňáková, Edita  |4 aut  |9 930598 
245 1 0 |a Technické nástroje tvorby a ochrany životného prostredia v priemysle  |c Edita Kachaňáková 
300 |b Lit. 5 zázn. v slov. 
650 0 7 |a priemysel  |2 snkbucl  |9 1618 
650 0 7 |a životné prostredie  |2 snkbucl  |9 786 
655 7 |a články z novín a časopisov  |2 snkbucl  |9 267496 
773 0 |t Životné prostredie  |g Roč. 24, č. 5 (1990), s. 243-245 
850 |a Slovenská národná knižnica v Martine  |a MTA001 
852 |a SNK  |b KIS3GCP 
954 |a odborná, vedecká literatúra pôvodná (slovenská)  |2 lita 
958 |a NB 
958 |a RK 
958 |a OND 
958 |a EUIPO 
958 |a article15 
992 |a RBX 
999 |c 3177937  |d 3179867